Albums d'Eminem - Statistiques

Statistiques générales
  • Ce quiz a été pris 997 fois
  • Le résultat moyen est 8 sur 11
Statistiques - réponses
Dates Album % Correct
2002 The Eminem Show
88%
2004 Encore
81%
2000 The Marshall Mathers LP
77%
2013 The Marshall Mathers LP 2
77%
2010 Recovery
76%
1999 The Slim Shady LP
76%
2017 Kamikaze
74%
2009 Relapse
73%
2020 Music to Be Murdered By
64%
1996 Infinite
62%
2017 Revival
61%
Aucun quiz correspondant
Distribution des résultats
% des personnes avec chaque résultat
Percentile par nombre de réponses
Votre historique - résultats
Vous n’avez pas pris ce quiz